000 01510cam a2200205 4500
001 ABS65557
008 020611n2002 000 0 eng u
035 _a(Sirsi) u118372
100 _aPlimmer, F.
245 _aMutual recognition of professional qualifications
260 _c2002
490 _aProperty Management
_v20(2) 2002, 114-136(23)
520 _aIn the light of Europe's experience of its Directive on mutual recognition of professional qualifications and the World Trade Organisation's (WTO) intention to achieve a global marketplace for professional services by identifying 'disciplines' which can be applied to all professions, this paper considers a potential methodology for achieving a global system for the free movement of professionals. Explains the process of mutual recognition as implemented within the EU and discusses the WTO's likely approach towards the globalisation of services. The problems which face the surveying profession( including the problem of identifying the various surveying professions which exist in different countries), the role of professional organisations, the nature of 'professional competence' and the threshold standards applied to professional competence as a vital component of any mutual recognition are also discussed. [Taken from journal abstract].
590 _aABS
650 _aPROFESSIONAL QUALIFICATIONS
650 _aSURVEYORS
650 _aGLOBALISATION
690 _aMANAGEMENT-BUSINESS MANAGEMENT-PROFESSIONAL PRACTICE
942 _n0
999 _c70461
_d70461